| 000 | 00442nam a2200157Ia 4500 | ||
|---|---|---|---|
| 008 | 191130s9999##################000#0#eng## | ||
| 020 | _a978-0273715047 | ||
| 040 |
_aACL _cACL |
||
| 082 | _a330.16 PEN | ||
| 245 |
_aFinancial bliss : how to grow wealthy together _cSarah Pennells |
||
| 260 |
_aUpper Saddle River, NJ _bPrentice Hall |
||
| 300 | _a192 p | ||
| 990 | _afcbc0031ac10000c233231cec52e2af0 | ||
| 991 | _a42105 | ||
| 999 |
_c183601 _d183601 |
||